000 00574cam a22002053a 4500
001 46014
003 PGUSA
005 20140828084057.0
008 140617s2014||||xxu|||||s|||||000 | eng d
040 _aPGUSA
_beng
042 _adc
100 1 _aBorchardt, Ludwig
245 1 0 _aDie Ägyptische Pflanzensäule
_h[electronic resource] /
_cLudwig Borchardt
260 _bProject Gutenberg,
_c2014
506 _aPublic domain in the USA.
516 _aElectronic text
830 0 _aProject Gutenberg
_v46014
856 4 0 _uhttp://www.gutenberg.org/ebooks/46014
942 _cEB
999 _c275263
_d275263